Nápad ako začiatok

Projekt Nápad roka v Českej republike, ktorý každoročne oceňuje najlepšie nápady mladých ľudí s podnikateľským potenciálom. Niekoľko inšpiratívnych noviniek.

Saved in:
Bibliographic Details
Main Author: Gašparovič, Matej
Format: Book Chapter
Language:Slovak
Subjects:
Tags: Add Tag
No Tags, Be the first to tag this record!

MARC

LEADER 00000naa a2200000 4500
001 0167813
005 20231113074735.5
041 0 |a slo 
044 |a SK 
245 1 0 |a Nápad ako začiatok  |c Matej Gašparovič 
520 |a Projekt Nápad roka v Českej republike, ktorý každoročne oceňuje najlepšie nápady mladých ľudí s podnikateľským potenciálom. Niekoľko inšpiratívnych noviniek. 
610 2 0 |a podnikanie 
610 2 0 |a podnikatelia 
610 2 0 |a kreativita 
610 2 0 |a inovácia 
610 2 0 |a technológie informačné 
610 2 0 |a technológie komunikačné 
610 2 0 |a zdroje energie obnoviteľné 
100 1 |a Gašparovič, Matej